00421nam a2200169Ia 4500008004100000020002200041041000800063082001600071100001600087260003200103245002400135245005200159250000600211300000800217650001300225650001300238220805s9999 xx 000 0 und d a978-1-57990-250-2 aeng a746.4320432 aDavis, Jane aNew yorkbLark books,c2003 aKnitting with Beads b30 Beautiful Sweaters ,Scarves, hats and Gloves a1 a128 aBeadwork aknitting